000 00394nam a2200145Ia 4500
008 230711s9999||||xx |||||||||||||| ||und||
041 _aENG
082 _a621.381
_bGO-G
100 _aGoldberg,David E
245 0 _aGenetic algorithms : in search optimization and machine learning
250 _a1st Ed.
260 _c2003
_aNew Delhi
_bPearson
650 _aElectronics Engineering
942 _cBK
999 _c4287
_d4287